000 004960000a22001810004500
003 MACL
005 20150710173714.0
008 150710b xxu||||| |||| 00| 0 eng d
040 _aMACL
_cMACL
041 _aEnglish
082 _a320/AGN
100 _aAgnihotri S K
_91690
245 _aCommissions of Inquiry on communal Desturbances
_bA study vol 3
260 _bNational Foundation for communal
_c2007
_aNew Delhi
350 _a1000
650 _aPolitical Science
_988
942 _cBK
_k320
_2ddc
999 _c8449
_d8449